|
|
|
|
| LEADER |
00000nam a22000007a 4500 |
| 005 |
20120116142435.0 |
| 007 |
cr|||| |||| |
| 008 |
070927s2007 sp |||||| 000 ||spa|| |
| 020 |
|
|
|a 9788496721302
|
| 035 |
|
|
|a 5945
|
| 040 |
|
|
|d vLex
|
| 090 |
|
|
|c 2922
|d 2922
|
| 100 |
1 |
|
|a Ballester Pastor, Mara̕ Amparo
|
| 245 |
1 |
0 |
|a Significado actual del accidente de trabajo in itinere
|h [Recurso electrn̤ico] :
|b paradojas y perspectivas /
|c M® Amparo Ballester Pastor
|
| 256 |
|
|
|a Servicio en ln̕ea
|
| 260 |
|
|
|a Albacete :
|b Bomarzo,
|c 2007
|
| 300 |
|
|
|a 1 recurso electrn̤ico
|
| 504 |
|
|
|a Bibliografa̕
|
| 506 |
1 |
|
|a Contenido solo disponible en los productos indicados
|d vLex Global
|d vLex Global (Academic Edition, excluding Law Schools)
|d vLex Global (U.S. Academic Edition, Law Schools)
|d vLex Global (U.S. Academic Edition, excluding Law Schools)
|d vLex Global (Academic Edition, Law Schools)
|
| 650 |
0 |
4 |
|a Trabajo
|x Accidentes
|x Derecho
|z Espaą
|
| 650 |
0 |
4 |
|a Seguridad en el trabajo
|z Espaą
|
| 740 |
0 |
|
|a vLex Libros (Servicio en ln̕ea)
|
| 830 |
|
0 |
|a Bs̀icos de derecho social ;
|v 29
|
| 856 |
4 |
0 |
|u http://vlex.com/source/significado-actual-accidente-trabajo-in-itinere-5945
|z Acceso restringido
|
| 942 |
|
|
|c BOOK
|
| 999 |
0 |
|
|a Labor
|
| 999 |
0 |
|
|a Industrial safety
|
| 999 |
0 |
|
|a Labor laws and legislation
|